Get the Picture: Big Four Leagues Quiz Stats

 Plays Quiz Updated Apr 11, 2019

Score 0/12 Timer 02:30
9 Plays Today
Question Answer Wrong Answers
The only league not to use a ball NHL
95.7%
NFL
0.9%
MLB
0.4%
NBA
0.2%
The teams compete for the Stanley Cup NHL
93.4%
NFL
1.5%
MLB
1.8%
NBA
0.6%
The only league where helmets are not mandatory NBA
88.8%
NHL
2.9%
NFL
1.6%
MLB
3.8%
The teams compete for the Lombardi Trophy NFL
87.2%
NHL
5.4%
MLB
2.9%
NBA
1.8%
The league for the sport that has been nicknamed 'America's pastime' MLB
86.5%
NHL
2.1%
NFL
7.2%
NBA
1.6%
The only league without teams from Canada NFL
84%
NHL
3.1%
MLB
4.1%
NBA
6.2%
The league with the fewest games in a season NFL
83.9%
NHL
8.2%
MLB
2.8%
NBA
2.6%
The oldest of the four leagues MLB
77.3%
NHL
9.7%
NFL
6.5%
NBA
3.9%
The games consist of four 12 minute quarters NBA
77.1%
NHL
6.3%
NFL
13.3%
MLB
0.8%
The teams compete for the Larry O'Brien Championship Trophy NBA
74.8%
NHL
11.4%
NFL
5%
MLB
6.2%
The league with the most recent expansion team NHL
71.8%
NFL
10.7%
MLB
4.7%
NBA
10.2%
The teams compete for the Commissioner's Trophy MLB
46.9%
NHL
21.1%
NFL
12.1%
NBA
17.2%

Today's Daily Dose

Missing Word
Celine Dion

Word Ladder
Dr. Seuss Books

Quick Pick
Cities in India

Get the Picture
'A' Actresses

You're not logged in!

Compare scores with friends on all Sporcle quizzes.
OR
Log In

Sporcle TV

Today on Sporcle TV


Watch our educational content, quiz creation guides, and fun videos on Sporcle TV.

Show Comments

Extras

Top Quizzes Today


Score Distribution

Your Account Isn't Verified!

In order to create a playlist on Sporcle, you need to verify the email address you used during registration. Go to your Sporcle Settings to finish the process.

Report this User

Report this user for behavior that violates our Community Guidelines.

Details: